5HLuxD.jpg

KING HENRY VIII SENIOR AND PRIMARY SCHOOL LIBRARY OPAC

FOOD AROUND THE WORLD (Record no. 4328)

000 -LEADER
fixed length control field 00259nam a22001097a 4500
008 - FIXED-LENGTH DATA ELEMENTS--GENERAL INFORMATION
fixed length control field 250206b ||||| |||| 00| 0 eng d
020 ## - INTERNATIONAL STANDARD BOOK NUMBER
International Standard Book Number 9781482455823
082 ## - DEWEY DECIMAL CLASSIFICATION NUMBER
Classification number 641.3 MUR
100 ## - MAIN ENTRY--PERSONAL NAME
Personal name MURPHY,CHARLES
Relator term AUTHOR
245 ## - TITLE STATEMENT
Title FOOD AROUND THE WORLD
942 ## - ADDED ENTRY ELEMENTS (KOHA)
Source of classification or shelving scheme
Holdings
Withdrawn status Lost status Source of classification or shelving scheme Damaged status Not for loan Collection code Permanent Location Current Location Shelving location Date acquired Full call number Barcode Date last seen Price effective from Koha item type Public note
          Non-Fiction KH8 Primary School Library KH8 Primary School Library Non Fiction 2025-06-24 641.3 MUR 3KHPL000002060 2025-12-05 2025-06-24 Books - Non Ficton KH8 PRIMARY LIBRARY

Powered By KH8 IT Dept